000 01070nam a2200337 i 4500
001 bg
003 BPK
005 20220726094213.0
008 000519s2000 pl a f f |001 0 pol
015 _aPB 2000/9616
020 _a8371101899
040 _aWA N
_cBPK
041 0 _apol
080 _a351/354-027.21
080 _a(075.8)
100 1 _aLeoński, Zbigniew
_d(1929-2006)
_eAutor
245 1 0 _aNauka administracji /
_cZbigniew Leoński.
250 _a2. wyd. uzup. i zaktualiz.
260 _aWarszawa :
_bC. H. Beck,
_c2000.
300 _aXII, 150 s. :
_bil. ;
_c21 cm.
490 1 _aPodręczniki Prawnicze.
504 _aBibliogr. - Indeks.
650 4 _aAdministracja
650 4 _aTeoria
655 4 _aPodręczniki akademickie
658 _aPolityka, politologia, administracja publiczna
710 2 _aWydawnictwo C.H. Beck
_4pbl.
830 0 _aPodręczniki Prawnicze
856 _uhttp://koha.tu.koszalin.pl/cgi-bin/koha/opac-detail.pl?biblionumber=39133
_yKatalog online BPK
942 _2UKD
_cKS
999 _c39133
_d39133